| 000 | 00651nam a2200253Ia 4500 | ||
|---|---|---|---|
| 008 | 160803s9999 xx 000 0 und d | ||
| 020 | _a9780439057103 | ||
| 100 | _aRanberg, Chuck | ||
| 245 | _aHappy burger : | ||
| 245 | _cby Chuck Ranberg and Patrick Daley. | ||
| 260 | _aNew York : | ||
| 260 | _bScholastic Inc. | ||
| 260 | _c1991 | ||
| 300 | _a22 pages : | ||
| 300 | _billustrations ; | ||
| 300 | _c20 cm. | ||
| 650 | _aFast food restaurants -- | ||
| 650 | _aFast food restaurants. | ||
| 650 | _aTeenage boys -- | ||
| 650 | _aTeenage boys. | ||
| 650 | _xJuvenile fiction. | ||
| 650 | _xJuvenile fiction. | ||
| 700 | _a440 | ||
| 999 |
_c298192 _d298192 |
||